010160000a22002290004500090001400000245006200014650002400076650002000100650003100120650003200151650003900183650002200222651002200244653003000266041001300296100002800309942001300337773007100350999001700421952017400438952017400612 aARb0316510aRevision of Beilschmiedia () in the neotropics14aVegetación99279914aBotánica936114aTaxonomía vegetal99226214aMorfología vegetal91829514aDistribución geográfica99299714aAnatomía995070 4pCosta Rica992749 fLaureaceaegBeilschmiedia0 aInglés1 aNishida, Sachiko996752 cARTICULO1 tAnnals of the Missouri Botanical Garden3157h3q657-701d1999g86 c12220d12220 001040718HEMEROTECAaBogotabBogotad2015-02-27ePrieto, AdrianahFuera de circulaciónl0oAR 03165p013569r2015-03-25 00:00:00t2w2015-03-25xEntregadoyARTICULO 001040718HEMEROTECAaBogotabBogotad2015-02-27ePrieto, AdrianahFuera de circulaciónl0oAR 03165p013976r2015-03-25 00:00:00t1w2015-03-25xEntregadoyARTICULO